00937cam a22002657a 4500003000500000005001700005008004100022010001000063011001000073020001500083035001000098040000900108082001500117100002200132245014400154260005800298300002000356650002700376650002900403650004200432650002400474700002600498700002400524711012300548CHAP20220329142421.0010109d1999 us a r 00110 eng d a83147 a84119 a0306461005 a94638 cCHAP04a574.82bF800aFu, Tong-Jeneed.10aPlant cell and tissue culture for the production of food ingredients :bproccedingsc/ed. by Tong-Jen Fu, Gurmeet Singh and Wayne R. Curtis aNew York :bKluwer Academic/Plenum Publishers,c1999. a290 p. :bilus.14aAditivos alimenticios.14aBiotecnología vegetal.14aCitología e histología vegetales.14aCultivo de tejidos.0 aCurtis, Wayne R.eed.0 aSingh, Gurmeeteed.0 aSymposium on Plant Cell and Tissue Culture for the Production of Food Ingrediented(1997 :cSan Francisco, California)